Os Bombeiros (Registo nº 198425)

Detalhes MARC
000 -Etiqueta do registo
Valores 00514nam 22001933 4500
010 ## - Número ISBN
ISBN 978-972-576-462-6
021 ## - Número do Depósito Legal
Código do país Portugal
Número 255471/07
100 ## - Dados gerais de processamento
Dados gerais 20251014d u||y0pory50 ba
200 ## - Titulo e menção de responsabilidade
Título próprio Os Bombeiros
Informação de outro título um livro com janelas
210 ## - Publicação
Local de publicação Lisboa
Nome do editor Dinalivro
Data de publicação D. L. 2007
215 ## - Descrição física 
Paginação / Volumes [18] p.
Outras indicações físicas il. ; cartonado
Dimensões 28 cm
225 ## - Colecção 
Título próprio da colecção conhecer a brincar
606 ## - Nome comum usado como assunto
ID Autoridade 235
Palavra de ordem Literatura infantil
675 ## - CDU
Notação 821-93
Edição PT
Língua por
801 ## - Fonte de origem
País PT
Agência BMMN
Regras de catalogação RPC
830 ## - Notas gerais do catalogador
Criado por Isabel
990 ## - Elementos KOHA
Tipo de documento Livro
Exemplares
Situação do levantamento Biblioteca de origem Código de barras Cota Permissão de empréstimo Tipo de documento Forma de aquisição
  Biblioteca Municipal de Montemor-o-Novo 26691 821-93 BOM|CORT   Livro Compra

Powered by Koha